000 00325nam a22001337a 4500
008 250703b |||||||| |||| 00| 0 eng d
020 _a085315659X
050 _aHD6079
_b.B67
100 _aWISHART Lawrence
245 _aWoman Workers and the Trade Unions
260 _aLondon
_bLawrence
_cNil
300 _a371p.
942 _cBK
999 _c4072
_d4072